Pružnosť trhu práce a organizácia práce.

Informácia o konferencii usporiadanej OECD v septembri 1990 v Paríži. Na konferencii sa prerokovala situácia pružnosti trhu práce a organizácie práce z pohľadu národných referátov vybraných krajín a rôzne prierezové otázky týkajúce sa všetkých krajín OECD: iniciatívy manažmentu, spoluúčasť na riaden...

Descrizione completa

Salvato in:
Dettagli Bibliografici
Autore principale: Czíria, Ľudovít
Natura: Capitolo di libro
Lingua:slovacco
Soggetti:
Tags: Aggiungi Tag
Nessun Tag, puoi essere il primo ad aggiungerne!!

MARC

LEADER 00000naa a2200000 4500
001 r005879
005 20221125080801.6
041 0 |a slo 
044 |a [CS] 
245 1 0 |a Pružnosť trhu práce a organizácia práce.  |c Ľudovít Czíria 
520 |a Informácia o konferencii usporiadanej OECD v septembri 1990 v Paríži. Na konferencii sa prerokovala situácia pružnosti trhu práce a organizácie práce z pohľadu národných referátov vybraných krajín a rôzne prierezové otázky týkajúce sa všetkých krajín OECD: iniciatívy manažmentu, spoluúčasť na riadení, zmeny v charaktere štátnych intervencií, kvalifikačný výcvik a kolektívne vyjednávanie. 
610 2 0 |a trh práce 
610 2 0 |a organizácia práce 
610 2 0 |a konferencie 
610 2 0 |a OECD 
610 2 0 |a 1990 
610 2 0 |a manažment 
610 2 0 |a účasť na riadení 
610 2 0 |a intervencie 
610 2 0 |a štát 
610 2 0 |a odbory 
610 2 0 |a vyjednávanie kolektívne 
100 1 |a Czíria, Ľudovít